| 000 | 00614nam a2200169 a 4500 | ||
|---|---|---|---|
| 005 | 20140311163003.0 | ||
| 008 | 030224s19uu xx 00 eng d | ||
| 020 | _a0425151913 | ||
| 050 |
_aRM 36 _b.P74 1996 |
||
| 245 |
_aThe Prevention how-to dictionary of healing remedies and techniques : _bfrom acupressure and aspirin to yoga angd yogurt- over 350 curative options / _cBy the editors of prevention magazine health books. |
||
| 260 |
_aEmmaus, Pa. : _bRodale Press, _c1996. |
||
| 300 |
_a657 p. : _bill. ; _c18 cm. |
||
| 521 | _aNUR | ||
| 650 |
_aHealth _xdictionary |
||
| 942 |
_cBK _2lcc _kFOR |
||
| 999 |
_c39253 _d39253 |
||